00666nmm a2200193Ia 4500008004100000020001800041041000800059100004100067245006100108264005400169300001800223650002900241700004100270700004200311700004400353856005100397942000700448999001700455251105s9999||||xx |||||||||||||||||und|| a9788480217101 aspa aMínguez Cornelles, Víctor Manuel 0aEl sueño de Eneas : Imágenes utópicas de la ciudad a[Madrid, España] :bUniversitat Jaume I, c2009 a265 páginas aArchitecture & Sculpture aMínguez Cornelles, Víctor Manuel1 a Rodríguez Moya, María Inmaculada1 a Zuriaga Senent, Vicent Francesc (eds.) uhttps://public.digitaliapublishing.com/a/17281 cCF c68861d68861